000
00323nam a22001457a 4500
008
221104b ||||| |||| 00| 0 eng d
020
_a
9780989098007
041
_a
eng
080
_2
2 AND EDITION
_a
004
082
_a
004
100
_a
19
101
_a
SHK
245
_a
THE INCLUSION PARADOX
_c
TOPIA A
942
_2
udc
_c
BK
999
_c
58727
_d
58727